Las comarcas de Borja y Tarazona y el Somontano del Moncayo (Record no. 69934)

MARC details
000 -LEADER
campo de control de longitud fija 00864nam a2200205 i 4500
001 - NÚMERO DE CONTROL
campo de control 69934
003 - IDENTIFICADOR DE NÚMERO DE CONTROL
campo de control ES-MaACL
005 - FECHA Y HORA DE LA ÚLTIMA TRANSACCIÓN
campo de control 20230906170651.0
007 - CAMPO FIJO DE DESCRIPCIÓN FÍSICA--INFORMACIÓN GENERAL
campo de control de longitud fija t|
008 - DATOS DE LONGITUD FIJA--INFORMACIÓN GENERAL
campo de control de longitud fija 040713s1960 sp df |||| | spa d
100 1# - ENTRADA PRINCIPAL--NOMBRE DE PERSONA
Nombre de persona García Manrique, Eusebio.
9 (RLIN) 54881
245 14 - MENCIÓN DEL TÍTULO
Título Las comarcas de Borja y Tarazona y el Somontano del Moncayo
Resto del título : estudio geográfico /
Mención de responsabilidad, etc. por Eusebio García Moncayo.
260 ## - PUBLICACIÓN, DISTRIBUCIÓN, ETC.
Lugar de publicación, distribución, etc. Zaragoza :
Nombre del editor, distribuidor, etc. Departamento de Geografía Aplicada del Instituto Juan Sebastián Elcano,
Fecha de publicación, distribución, etc. 1960.
300 ## - DESCRIPCIÓN FÍSICA
Extensión 301 p., 37 lám. :
Otras características físicas gráf. ;
Dimensiones 27 cm.
500 ## - NOTA GENERAL
Nota general Precede al tít.: Consejo Superior de Investigaciones Científicas.
651 #4 - PUNTO DE ACCESO ADICIONAL DE MATERIA--NOMBRE GEOGRÁFICO
Nombre geográfico Tarazona y el Moncayo-
Subdivisión general Geografía.
9 (RLIN) 169501
651 #4 - PUNTO DE ACCESO ADICIONAL DE MATERIA--NOMBRE GEOGRÁFICO
Nombre geográfico Campo de Borja-
Subdivisión general Geografía.
9 (RLIN) 169502
710 2# - ENTRADA AGREGADA--NOMBRE DE ENTIDAD CORPORATIVA
Nombre de entidad corporativa o nombre de jurisdicción como elemento de entrada Instituto Juan Sebastián Elcano.
Unidad subordinada Departamento de Geografía Aplicada.
9 (RLIN) 5114
852 ## - LOCALIZACIÓN
Ubicación ES-MaACL
Número de control de estantería E-128
Holdings
Estatus retirado Estado de pérdida Estado de daño No para préstamo Biblioteca de origen Biblioteca actual Ubicación en estantería Fecha de adquisición Fuente de adquisición Total de préstamos Signatura topográfica completa Código de barras Visto por última vez Precio de reemplazo Tipo de ítem Koha
        Biblioteca del Ateneo de Madrid Biblioteca del Ateneo de Madrid Depósito 2 17/01/2008     E-128 1073234 23/02/2023 23/02/2023 Libro impreso